000
00328nam a2200133Ia 4500
005
20251222140053.0
008
251222s1900||||xx |||||||||||||| ||spa||
020
_a
8482600311
082
_a
213.3/B18
100
_a
Gelabert Ballester, Martín
245
0
_a
Jesús, Revelación del Hombre:
264
_b
San Esteban
942
_c
LIB
999
_c
3660
_d
3660